Music Quiz

Random Music or Bands Quiz

One Direction Song Titles Quiz Stats

 Plays Quiz not verified by Sporcle

Challenge
Share
Tweet
Embed
Score 0/60 Timer 10:00
0 Plays Today
Lyrics Song Title % Correct
You're insecure...What Makes You Beautiful
82.5%
One way or another, I'm gonna find ya...One Way Or Another (Teenage Kicks)
82.5%
Maybe it's the way she walked...Best Song Ever
80.7%
Little black dress just walked into the room...Little Black Dress
80.5%
Your hand fits in mine...Little Things
79.3%
Written in these walls...Story of My Life
79.3%
Straight off the plane to a new hotel...Midnight Memories
77.3%
I've tried playing it cool...One Thing
76.4%
Better than words, more than a feeling...Better Than Words
75.6%
We're like na, na, na...Na Na Na
75.3%
Hey girl I'm waiting on ya...Live While We're Young
74.7%
Oh, I just wanna take you any way that you like...Kiss You
74.7%
Do you remember summer '09...Rock Me
74.7%
Give you this, give you that...I Want
74.4%
I figured it out...You & I
72.4%
If this room was burning...Little White Lies
71.8%
People say we shouldn't be together...They Don't Know About Us
70.4%
I-I-I, I wanna save ya...Save You Tonight
70.1%
Girl I see it in your eyes...Gotta Be You
69.5%
I'm broken, do you hear me...More Than This
69.3%
It feels like we've been living in fast forward...Up All Night
68.7%
Now that you can't have me...Taken
68.7%
Shut the door, turn the light off...Moments
67.8%
My hands, your hands...Strong
67%
She sneaks out in the middle of the night...She's Not Afraid
66.4%
The front page is all your pictures...Diana
66.1%
Circles, we're going in circles...Same Mistakes
65.5%
Said I'd never leave her...Over Again
64.7%
Can't believe you're packing your bags...Summer Love
63.2%
So your friend's been telling me...Half A Heart
62.9%
Lyrics Song Title % Correct
The one that I came with...C'mon, C'mon
62.6%
Lately I've found myself thinking...I Would
62.6%
Been a lot of places...Don't Forget Where You Belong
62.4%
My mother told me I should go...Alive
62.4%
Her name Is Noelle...Teenage Dirtbag
61.5%
He takes your hand, I die a little...I Wish
60.1%
You don't understand, you don't understand...Happily
59.8%
He knows about you in every way...Does He Know?
58.3%
Baby you've got me sick...Heart Attack
56.9%
Baby I, I wanna know...Last First Kiss
54.9%
You're so pretty when you cry...Nobody Compares
54.6%
Whenever I close my eyes...Back For You
53.7%
The light shines, it's getting hot on my shoulder...Stole My Heart
52.9%
From the moment I met you...Stand Up
52.9%
Lights go down and the night is calling to me...Right Now
51.7%
Can't ever get it right...Tell Me A Lie
51.4%
You tell me that you're sad and lost your way...Through The Dark
51.1%
You know I've always got your back girl...Everything About You
50.9%
The end of the night...Change My Mind
49.1%
Don't try to make me stay...Irresistible
48.9%
Hello, hello, I know it's been a while...Still The One
48.6%
Am I asleep, am I awake...Truly, Madly, Deeply
48.6%
I know you want, I know you want to take it slow...Why Don't We Go There
48.3%
Girl it should be me driving...Loved You First
47.4%
B-B-Baby come on over...Magic
47.4%
It's not me, it's not you, there's a reason...Another World
46.8%
I've been roaming around, always looking down...Use Somebody
43.7%
Let's dance in style...Forever Young
41.7%
One day you'll come into my world...Something Great
41.7%
I keep playing it inside my head...I Should've Kissed You
37.9%

You're not logged in!

Compare scores with friends on all Sporcle quizzes.
Join for Free
OR
Log In

You Might Also Like...

Show Comments

Extras

Top Quizzes Today


Score Distribution

Your Account Isn't Verified!

In order to create a playlist on Sporcle, you need to verify the email address you used during registration. Go to your Sporcle Settings to finish the process.

Report this User

Report this user for behavior that violates our Community Guidelines.

Details: